00968cam a2200229Ia 4500008004100000020002100041050001400062245015400076246001800230260005000248300005000298500003300348504006400381650003900445650005200484650007100536710006200607710004200669003000100711005001700712040000900729  a9715692516(pbk.) 4aQH77bPHI00aPhilippine biodiversity :ban assessment and plan of action /cDepartment of Environment and Natural Recources, United Nations Environment Programme.30aBiodiversity. aMakati City, Philippines :bBookmark,cc1997. axxv, 298 p. :bcol. ill., col. maps ;c28 cm. aErrata slip inserted at end. aIncludes bibliographical references (p. 249-289) and index. 0aBiological diversityzPhilippines. 0aBiological diversity conservationzPhilippines. 0aBiological diversity conservationxGovernment policyzPhilippines.1 aPhilippines.bDept. of Environment and Natural Resources.2 aUnited Nations Environment Programme.20230123134217.0 cNUST